El Rostro urbano de América Latina . O Rostro urbano da America Latina /
Enregistré dans:
| Auteur principal: | |
|---|---|
| Autres auteurs: | |
| Format: | Texte |
| Publié: |
Buenos Aires:
CLACSO
|
| Sujets: | |
| Tags: |
Ajouter un tag
Pas de tags, Soyez le premier à ajouter un tag!
|
MARC
| LEADER | 00000 a a2200000 04500 | ||
|---|---|---|---|
| 001 | 31106 | ||
| 003 | |||
| 040 | |||
| 020 | |a 950-9231-95-9 | ||
| 090 | |a 196904 | ||
| 100 | |a Torres Ribeiro, Anca Clara | ||
| 245 | |a El Rostro urbano de América Latina . O Rostro urbano da America Latina / |c Anca Clara Torres Ribeiro | ||
| 260 | |a Buenos Aires: |b CLACSO | ||
| 300 | |a 371 p. | ||
| 650 | |a DESARROLLO URBANO | ||
| 650 | |a DESIGUALDAD SOCIAL | ||
| 650 | |a DESIGUALDAD ECONOMICA | ||
| 650 | |a GLOBALIZACION | ||
| 650 | |a POBREZA | ||
| 650 | |a POBREZA | ||
| 650 | |a DESIGUALDAD SOCIAL | ||
| 650 | |a DESIGUALDAD ECONOMICA | ||
| 700 | |a comp | ||
| 999 | |c 13678 |d 13678 | ||



